Báo cáo khoa học chăn nuôi thú y

Sách là các bài báo cáo khoa học được trình bày trong 4 tập và được trung chủ yếu với 4 chuyên đề: chăn nuôi gia súc, chăn nuôi gia cầm, thức ăn và dinh dưỡng vật nuôi và thú y.

Uloženo v:
Podrobná bibliografie
Korporativní autor: Bộ Nông nghiệp và Phát triển nông thôn
Médium: Kniha
Jazyk:Undetermined
Vydáno: Hà Nội Nông nghiệp 2004
Témata:
Tagy: Přidat tag
Žádné tagy, Buďte první, kdo otaguje tento záznam!
Thư viện lưu trữ: Trung tâm Học liệu Trường Đại học Cần Thơ
LEADER 00882nam a2200193Ia 4500
001 CTU_127438
008 210402s9999 xx 000 0 und d
082 |a 636.089 
082 |b B450 
110 |a Bộ Nông nghiệp và Phát triển nông thôn 
245 0 |a Báo cáo khoa học chăn nuôi thú y 
245 0 |c Bộ Nông nghiệp và Phát triển nông thôn 
260 |a Hà Nội 
260 |b Nông nghiệp 
260 |c 2004 
520 |a Sách là các bài báo cáo khoa học được trình bày trong 4 tập và được trung chủ yếu với 4 chuyên đề: chăn nuôi gia súc, chăn nuôi gia cầm, thức ăn và dinh dưỡng vật nuôi và thú y. 
650 |a Veterinary medicine 
904 |i Hạ Nguyên 
980 |a Trung tâm Học liệu Trường Đại học Cần Thơ